| 000 | 00713cam6a220018100 4500 | ||
|---|---|---|---|
| 001 | zam00001121 | ||
| 008 | 970717n xx eng u | ||
| 035 | _a(Sirsi) r131121 | ||
| 040 | _dUPRA | ||
| 100 |
_aJanvry, Alainde. _6A105891.1 |
||
| 245 | 1 | 0 | _aAdjustment and equity in Ecuador. |
| 260 |
_aParis : _bOECD, _c1991. |
||
| 520 | _aThe author examines the economic, political and social dimensions to estimate the social cost, in terms of unemployment, inequality and poverty of each macroeconomic stabilization measure. | ||
| 650 | 4 |
_aAdaptation. _6S77335.1 |
|
| 650 | 4 |
_aEcuador -- Structural adjustment. _xEcuador -- Structural adjustment. _6S77382.1 |
|
| 949 | 1 | 0 |
_mINESOR _tBOOK _lON-SHELF |
| 004 | 131121 | ||
| 999 |
_c29178 _d29178 |
||